000 00403nam a2200145Ia 4500
008 100122s9999 xx 000 0 und d
082 _b13137
_a823.08
100 _aराजाध्यक्ष विजया
245 _aअधांतर
260 _bमौज प्रकाशन
_c1965
300 _a238
630 _aअधांतर
730 _aअधांतर
942 _cBOOK
999 _c404018
_d404015